01411nam a22003254a 4500001001200000003000800012006001900020007001500039008004100054010001700095020002800112040002100140035002100161050002300182082001700205100003000222245012600252260005800378300001500436504006800451505015700519533015200676650002700828650002600855650001300881655002900894710001700923856012600940999001901066ebr10103553CaPaEBRm u cr cn|||||||||030409s2004 enk sb 001 0 eng  z 2003008299 z0195140125 (alk. paper) aCaPaEBRcCaPaEBR a(OCoLC)55993162814aBT103b.W54 2004eb04a231/.0422211 aWiebe, Phillip H.,d1945-10aGod and other spiritsh[electronic resource] :bintimations of transcendence in Christian experience /cPhillip H. Wiebe. aOxford ;aNew York :bOxford University Press,c2004. avi, 259 p. aIncludes bibliographical references (p. [239]-249) and indexes.0 aIntimations of evil? -- Judaeo-Christian experience of the Holy -- The theory of spirits -- The challenge of naturalism -- Naturalizing supernaturalism. aElectronic reproduction.bPalo Alto, Calif. :cebrary,d2013.nAvailable via World Wide Web.nAccess may be limited to ebrary affiliated libraries. 0aGodxProof, Empirical. 0aExperience (Religion) 0aSpirits. 7aElectronic books.2local2 aebrary, Inc.40uhttp://site.ebrary.com/lib/rucke/Doc?id=10103553zAn electronic book accessible through the World Wide Web; click to view c206226d206226